| 000 | 01809cam a22004934i 4500 | ||
|---|---|---|---|
| 003 | PE-LiUPU | ||
| 005 | 20250731173503.0 | ||
| 008 | 150616s1990 mnu r 000 0 eng d | ||
| 020 | _a0800624300 | ||
| 035 | _a(Sirsi) i9780800624309 | ||
| 040 |
_aPE-LiUPU _bspa _cPE-LiUPU _erda |
||
| 049 | _aPRUA | ||
| 082 | 0 | 4 |
_a232.8 _bW74 _221 |
| 100 | 1 |
_aWitherington, Ben, _d1951-, _eautor. |
|
| 245 | 1 | 4 |
_aThe Christology of Jesus / _cBen Witherington, III. |
| 264 | 1 |
_aMinneapolis : _bFortress Press, _c1990. |
|
| 300 |
_a310 páginas ; _c23 centímetros |
||
| 336 |
_atext _2rdacontent |
||
| 337 |
_aunmediated _2rdamedia |
||
| 338 |
_avolume _2rdacarrier |
||
| 505 | 0 | _aMethodological and historical considerations -- Chrristology and the relationships of Jesus -- Christology and the deeds of Jesus -- christology and the words of Jesus -- Afterword and conclusions. | |
| 526 | _aSEG42 | ||
| 526 | _aSEG41 | ||
| 526 | _aSEG40 | ||
| 526 | _aSEG39 | ||
| 526 | _aP94 | ||
| 526 | _aP87 | ||
| 526 | _aP86 | ||
| 526 | _aP85 | ||
| 526 | _aP77 | ||
| 526 | _aP76 | ||
| 526 | _aP35 | ||
| 600 | 1 |
_aJesucristo _xDivinidad |
|
| 600 | 1 |
_aJesucristo _xHistoria de las doctrinas _yIglesia primitiva, ca. 30-600 |
|
| 630 |
_aBiblia. _pN.T. _pEvangelios _xCrítica, interpretación, etc. |
||
| 650 | 0 | 4 | _aCristología. |
| 910 |
_ajck _bjvq _cjck |
||
| 942 |
_2ddc _cBOOK |
||
| 949 |
_a232.8 W74 _wDEWEY _c1 _i40376 _lCCODEBUL1 _mBUL _r0 _sY _tBOOK _u2015-6-16 _xTEOLOGIA _zUNKNOWN _0COMPRA _o.STAFF. Colección Teología |
||
| 994 |
_aC0 _bPEPRU |
||
| 596 | _a1 | ||
| 999 |
_a232.8 W74 _wDEWEY _c58183 _i40376 _f2021-11-10 _g5 _lCCODEBUL1 _mBUL _p30.00 _r0 _sY _tBOOK _u2015-6-16 _xTEOLOGIA _PP35 _0COMPRA _o.STAFF. Colección Teología _d58183 |
||
| 980 |
_81 _gALBERTO SANCHEZ Responsable de Automatización |
||